000 00564nam a2200205Ia 4500
005 20250923150253.0
008 008 250917s9999 xx 000 0 eng d
037 _aTextual
040 _aDSWL
_beng
_cDSWL
041 _aeng
_2eng
084 _aY:438, P9
_qDSWL
100 _aJha, Manoj Kumar
_9844131
245 0 _aRoits as rituals
_cby Manoj Kumar Jha
260 _aNew Delhi
_b Manak Publication India
_c2009
300 _a232 p.
365 _aINR
_b500 . 0
925 _g500 . 0
942 _cTEXL
_hY:438, P9
999 _c1461514
_d1461514